| 000 | 00432nam a2200181Ia 4500 | ||
|---|---|---|---|
| 001 | 19999 | ||
| 005 | 20260306172734.0 | ||
| 008 | 260306t1987||||xx |||||||||||||| ||spa|| | ||
| 041 | _aESP | ||
| 082 |
_a342.1 _bS66 1987 |
||
| 100 |
_aSolari Tudela, Luis _eAUT |
||
| 245 | 0 | _aDerecho internacional público | |
| 260 | _c1987 | ||
| 300 |
_a363 páginas : _c20 cm. |
||
| 650 | _aGEN | ||
| 654 | _aCDE | ||
| 942 |
_cLIB _dJUS _fJUS _2ddc _n |
||
| 999 |
_c19999 _d19999 |
||